Computer organization (Record no. 4165)

MARC details
000 -LEADER
fixed length control field 00683nam a2200241Ia 4500
003 - CONTROL NUMBER IDENTIFIER
control field OSt
005 - DATE AND TIME OF LATEST TRANSACTION
control field 20220107122745.0
008 - FIXED-LENGTH DATA ELEMENTS--GENERAL INFORMATION
fixed length control field 130318s9999 xx 000 0 und d
020 ## - INTERNATIONAL STANDARD BOOK NUMBER
International Standard Book Number 9781259005275
040 ## - CATALOGING SOURCE
Transcribing agency IIITM-K
082 ## - DEWEY DECIMAL CLASSIFICATION NUMBER
Classification number 004.22 HAM/C;14
100 ## - MAIN ENTRY--PERSONAL NAME
Personal name Hamacher, Carl
9 (RLIN) 5155
245 ## - TITLE STATEMENT
Title Computer organization
Statement of responsibility, etc. by Carl Hamacher; Zvonko Vranesic; Zafwat Zaky
250 ## - EDITION STATEMENT
Edition statement 5th ed.
260 ## - PUBLICATION, DISTRIBUTION, ETC.
Name of publisher, distributor, etc. McGraw Hill,
Place of publication, distribution, etc. New Delhi,
Date of publication, distribution, etc. 2013.
300 ## - PHYSICAL DESCRIPTION
Extent xx, 805p.
650 ## - SUBJECT ADDED ENTRY--TOPICAL TERM
Topical term or geographic name entry element COMPUTER SCIENCE
9 (RLIN) 5156
650 ## - SUBJECT ADDED ENTRY--TOPICAL TERM
Topical term or geographic name entry element COMPUTER ARCHITECTURE
9 (RLIN) 5157
650 ## - SUBJECT ADDED ENTRY--TOPICAL TERM
Topical term or geographic name entry element COMPUTER ORGANIZATION
9 (RLIN) 5158
700 ## - ADDED ENTRY--PERSONAL NAME
Personal name Vranesic, Zvonko
9 (RLIN) 5159
700 ## - ADDED ENTRY--PERSONAL NAME
Personal name Zaky, Safwat
9 (RLIN) 5160
942 ## - ADDED ENTRY ELEMENTS (KOHA)
Source of classification or shelving scheme Dewey Decimal Classification
Koha item type Books
Holdings
Withdrawn status Lost status Source of classification or shelving scheme Damaged status Not for loan Collection code Home library Current library Shelving location Date acquired Cost, normal purchase price Total Checkouts Total Renewals Full call number Barcode Date last seen Date last checked out Price effective from Koha item type
    Dewey Decimal Classification     Computer Architecture Kerala University of Digital Sciences, Innovation and Technology Knowledge Centre Kerala University of Digital Sciences, Innovation and Technology Knowledge Centre Computer Science 24/05/2014 524.00 19 9 004.22 HAM/C;22 3831 06/12/2022 16/11/2022 24/05/2014 Books